000 00790cam a2200205 4500
001 WB3629-02
008 000000n2000 000 0 eng u
035 _a(Sirsi) u108609
245 _aModular steel 'way forward'
260 _c2000
490 _aContract Journal
_v405(6295) 20 September 2000, 6(1)
520 _aThe Steel Construction Institute predicts that the use of modular steel construction is the way forward after research showed it has increased by 60% in non-domestic sectors over the past four years. Details its advantages over conventional construction methods.
590 _aWB
650 _aSTEEL CONSTRUCTION INSTITUTE
650 _aMODULAR CONSTRUCTION
650 _aSTEEL FRAMED BUILDINGS
650 _aSURVEY
690 _aBUILT ENVIRONMENT
942 _n0
999 _c64837
_d64837